Central Library OPAC University of Rajshahi
Normal view MARC view

Entry Personal Name

Number of records used in: 2

001 - CONTROL NUMBER

  • control field: 5338

003 - CONTROL NUMBER IDENTIFIER

  • control field: BD-RjUL

005 - DATE AND TIME OF LATEST TRANSACTION

  • control field: 20221019104327.0

008 - FIXED-LENGTH DATA ELEMENTS

  • fixed length control field: 221019|| aca||aabn | a|a d

040 ## - CATALOGING SOURCE

  • Original cataloging agency: BD-RjUL
  • Transcribing agency: BD-RjUL

100 ## - HEADING--PERSONAL NAME

  • Personal name: كرد علي، محمد # # Kurd ʻAlī, Muḥammad,
  • Dates associated with a name: 1876-1953

670 ## - SOURCE DATA FOUND

  • Source citation: Work cat.: (BD-RjUL)80568: كرد علي، محمد # # Kurd ʻAlī, Muḥammad, 1876-1953, author., الإسلام والحضارة العربية / # # al-Islām wa-al-ḥaḍārah al-ʻArabīyah /